[Event "Oceania zt 3.6"]
[Site "Melbourne"]
[Date "2025.01.26"]
[Round "4"]
[White "Zafirakos, Jesse"]
[Black "Sardana, Rishi"]
[Result "1/2-1/2"]
[WhiteElo "2079"]
[BlackElo "2466"]
[PlyCount "54"]
[EventDate "2025.01.24"]
[EventType "swiss"]
[EventRounds "9"]
[EventCountry "AUS"]
[SourceTitle "CB06_2025"]
[SourceDate "2025.02.05"]
[SourceVersion "1"]
[SourceVersionDate "2025.02.05"]
[SourceQuality "1"]

1. e4 c5 2. Nf3 d6 3. Bb5+ Bd7 4. Bxd7+ Nxd7 5. c4 Ne5 6. d3 Nxf3+ 7. Qxf3 Qd7 8. b3 e6 9. Bb2 Ne7 10. d4 Nc6 11. d5 Nd4 12. Bxd4 cxd4 13. Qd3 e5 14. f4 exf4 15. 0-0 Be7 16. Nd2 0-0 17. Nf3 Rfe8 18. Rae1 g6 19. Nxd4 Bg5 20. Nf3 Bh6 21. Re2 Re7 22. Rfe1 Rae8 23. Qd4 Bg7 24. Qd2 Qg4 25. h3 Qg3 26. c5 dxc5 27. e5 Rd7 1/2-1/2

[Event "Wch Blitz"]
[Site "New York"]
[Date "2024.12.30"]
[Round "8"]
[White "Dardha, Daniel"]
[Black "Sardana, Rishi"]
[Result "1-0"]
[WhiteElo "2639"]
[BlackElo "2466"]
[PlyCount "87"]
[EventDate "2024.12.30"]
[EventType "swiss (blitz)"]
[EventRounds "13"]
[EventCountry "USA"]
[SourceTitle "CB01_2025"]
[SourceDate "2025.01.01"]
[SourceVersion "1"]
[SourceVersionDate "2025.01.01"]
[SourceQuality "1"]

1. d4 d5 2. c4 c6 3. Nf3 Nf6 4. e3 Bf5 5. Nc3 e6 6. Nh4 Bg6 7. Bd2 Nbd7 8. Qb3 Rb8 9. cxd5 exd5 10. Nxg6 hxg6 11. Bd3 Bd6 12. h4 Qe7 13. 0-0-0 b5 14. Qc2 0-0 15. h5 g5 16. Ne2 c5 17. dxc5 Nxc5 18. Bf5 Nce4 19. Be1 g6 20. hxg6 fxg6 21. Bxe4 Nxe4 22. Kb1 Qe6 23. Nd4 Qf7 24. f3 Rfc8 25. Qe2 Nc5 26. g4 Be5 27. Bb4 Na4 28. Rc1 Rc4 29. Nc6 Re8 30. Nxe5 Rxe5 31. Qh2 Qg7 32. b3 Rxb4 33. Rc8+ Kf7 34. Rc7+ Re7 35. Rxe7+ Kxe7 36. Qc7+ Kf8 37. Qd8+ Kf7 38. Qxd5+ Kf8 39. Qd6+ Kf7 40. Rh2 Kg8 41. Qxb4 Nc3+ 42. Kc2 Nd5 43. Qc5 Qf7 44. Qc8+ 1-0

[Event "Wch Blitz"]
[Site "New York"]
[Date "2024.12.30"]
[Round "5"]
[White "Sardana, Rishi"]
[Black "Khanin, Semen"]
[Result "1-0"]
[WhiteElo "2466"]
[BlackElo "2568"]
[PlyCount "71"]
[EventDate "2024.12.30"]
[EventType "swiss (blitz)"]
[EventRounds "13"]
[EventCountry "USA"]
[SourceTitle "CB01_2025"]
[SourceDate "2025.01.01"]
[SourceVersion "1"]
[SourceVersionDate "2025.01.01"]
[SourceQuality "1"]

1. d4 d5 2. c4 e6 3. Nc3 Nf6 4. Nf3 Be7 5. cxd5 exd5 6. Bf4 c6 7. e3 Nh5 8. Bg3 0-0 9. Bd3 g6 10. Qc2 Nd7 11. 0-0-0 b5 12. e4 Qa5 13. Kb1 Nb6 14. exd5 Nxg3 15. hxg3 b4 16. Qc1 Rd8 17. Qh6 Bf6 18. Ne4 Bg7 19. Qxh7+ Kf8 20. Ne5 Qxd5 21. Ng5 Be6 22. Nxe6+ Qxe6 23. Bc2 Nd5 24. f4 Ne3 25. Bb3 Qf5+ 26. Ka1 Nxd1 27. Rxd1 Bxe5 28. fxe5 Ke7 29. g4 Qf4 30. Qh4+ g5 31. Qe1 Rxd4 32. Rc1 Re4 33. Qd1 Rd8 34. Qh1 Qf2 35. Rf1 Qe3 36. Rxf7+ 1-0

[Event "Wch Blitz"]
[Site "New York"]
[Date "2024.12.30"]
[Round "11"]
[White "Sardana, Rishi"]
[Black "Oro, Faustino"]
[Result "1-0"]
[WhiteElo "2466"]
[BlackElo "2433"]
[PlyCount "65"]
[EventDate "2024.12.30"]
[EventType "swiss (blitz)"]
[EventRounds "13"]
[EventCountry "USA"]
[SourceTitle "CB01_2025"]
[SourceDate "2025.01.01"]
[SourceVersion "1"]
[SourceVersionDate "2025.01.01"]
[SourceQuality "1"]

1. e4 c5 2. Nf3 d6 3. Bb5+ Nd7 4. 0-0 a6 5. Bxd7+ Bxd7 6. c3 Nf6 7. Re1 e6 8. d4 cxd4 9. cxd4 Be7 10. Nc3 0-0 11. Bg5 h6 12. Bh4 b5 13. e5 dxe5 14. dxe5 Ne8 15. Bxe7 Qxe7 16. Nd4 Nc7 17. Qg4 Rac8 18. Rad1 Rfd8 19. h4 b4 20. Ne4 Nd5 21. Rd3 f5 22. exf6 Nxf6 23. Nxf6+ Qxf6 24. Nf3 Bb5 25. Rxd8+ Rxd8 26. Qxb4 Bc6 27. Ne5 Bd5 28. a4 Rc8 29. Qd4 Rc4 30. Qb6 Rc2 31. Nd7 Qf4 32. Qd8+ Kf7 33. Ne5+ 1-0

[Event "Wch Rapid"]
[Site "New York"]
[Date "2024.12.27"]
[Round "7"]
[White "Kobalia, Mihail"]
[Black "Sardana, Rishi"]
[Result "1/2-1/2"]
[WhiteElo "2522"]
[BlackElo "2409"]
[PlyCount "96"]
[EventDate "2024.12.26"]
[EventType "swiss (rapid)"]
[EventRounds "13"]
[EventCountry "USA"]
[SourceTitle "CB01_2025"]
[SourceDate "2025.01.01"]
[SourceVersion "1"]
[SourceVersionDate "2025.01.01"]
[SourceQuality "1"]

1. e4 c5 2. Nf3 d6 3. d4 cxd4 4. Nxd4 Nf6 5. Nc3 a6 6. Be3 e5 7. Nb3 Be6 8. Qd2 Nbd7 9. 0-0-0 b5 10. f3 h5 11. Kb1 Be7 12. h4 0-0 13. Bg5 Qc7 14. a3 Rfd8 15. g4 Nb6 16. Bxf6 Bxf6 17. g5 Be7 18. Nd5 Bxd5 19. exd5 g6 20. Bd3 Bf8 21. Rhe1 Bg7 22. Bf1 Nc4 23. Bxc4 bxc4 24. Na5 e4 25. Nc6 c3 26. Qf4 cxb2 27. Rxe4 Re8 28. Rde1 Rxe4 29. fxe4 Rf8 30. e5 dxe5 31. Qe4 Rc8 32. Rd1 Qd6 33. Rd3 Rc7 34. Kxb2 Rd7 35. Ka2 Qc5 36. Rb3 Kh7 37. c4 Rd6 38. Rb7 Qf2+ 39. Rb2 Qc5 40. Rb7 Qf2+ 41. Rb2 Qc5 42. Rg2 Rd7 43. Re2 Rb7 44. Rb2 Rc7 45. Rb3 Qf2+ 46. Rb2 Qc5 47. Rb3 Qf2+ 48. Rb2 Qc5 1/2-1/2

[Event "Wch Rapid"]
[Site "New York"]
[Date "2024.12.27"]
[Round "6"]
[White "Sardana, Rishi"]
[Black "Kadric, Denis"]
[Result "1/2-1/2"]
[WhiteElo "2409"]
[BlackElo "2513"]
[PlyCount "108"]
[EventDate "2024.12.26"]
[EventType "swiss (rapid)"]
[EventRounds "13"]
[EventCountry "USA"]
[SourceTitle "CB01_2025"]
[SourceDate "2025.01.01"]
[SourceVersion "1"]
[SourceVersionDate "2025.01.01"]
[SourceQuality "1"]

1. e4 g6 2. d4 Bg7 3. Nf3 d6 4. c3 Nc6 5. Bd3 e5 6. h3 Nge7 7. 0-0 0-0 8. dxe5 Nxe5 9. Nxe5 dxe5 10. Qe2 Be6 11. Be3 a5 12. Rd1 Qc8 13. Nd2 f6 14. a4 Rf7 15. Bc4 Nc6 16. Bd5 Bf8 17. Qb5 Bxd5 18. exd5 Ne7 19. Nc4 c6 20. Qb3 Nxd5 21. Rxd5 cxd5 22. Nb6 Qe8 23. Nxa8 Qxa8 24. Qxd5 Qa6 25. Rd1 g5 26. Qb5 Kg7 27. Qxa6 bxa6 28. Rd5 Rb7 29. Bc1 Rb6 30. Kf1 Kf7 31. Ke2 Ke6 32. Rxa5 Rc6 33. Kd3 Be7 34. Be3 f5 35. f3 Rd6+ 36. Ke2 Rc6 37. g4 f4 38. Ba7 Bd8 39. Rc5 Rxc5 40. Bxc5 Kd5 41. Ba7 e4 42. b3 e3 43. Kd3 Kc6 44. b4 Bb6 45. Bb8 Bc7 46. Bxc7 Kxc7 47. a5 Kc6 48. c4 Kd6 49. b5 axb5 50. cxb5 Kc5 51. a6 Kb6 52. Kc2 Ka7 53. Kc3 Kb6 54. Kd3 Ka7 1/2-1/2

[Event "Budapest SixDays 09 GM-C"]
[Site "Budapest"]
[Date "2024.09.27"]
[Round "6"]
[White "Mayank, Chakraborty"]
[Black "Sardana, Rishi"]
[Result "1-0"]
[WhiteElo "2431"]
[BlackElo "2477"]
[PlyCount "107"]
[EventDate "2024.09.24"]
[EventType "tourn"]
[EventRounds "9"]
[EventCountry "HUN"]
[EventCategory "6"]
[SourceTitle "EXT 2025"]
[Source "ChessBase"]
[SourceDate "2024.10.14"]
[SourceVersion "1"]
[SourceVersionDate "2024.10.14"]
[SourceQuality "1"]

1. e4 e5 2. Ne2 Nf6 3. d4 exd4 4. e5 Ne4 5. Qxd4 Nc5 6. Qe3 Be7 7. Qg3 Ne6 8. Nbc3 d6 9. Nf4 0-0 10. Nxe6 fxe6 11. Bh6 Rf7 12. 0-0-0 d5 13. h4 c5 14. Bg5 Nc6 15. Kb1 Nd4 16. Ne2 Nf5 17. Qh2 Bxg5 18. hxg5 g6 19. g4 Ne7 20. f4 Qf8 21. Bg2 b5 22. f5 gxf5 23. Nf4 Qg7 24. Nh5 Qxg5 25. Nf6+ Kf8 26. Nxh7+ Rxh7 27. Qxh7 Qg7 28. gxf5 Nxf5 29. Qh3 Qxe5 30. Qa3 b4 31. Qa5 Qd6 32. Rh8+ Kg7 33. Rdh1 Kf6 34. Bh3 Ng3 35. Rg1 Ne4 36. Bxe6 Bxe6 37. Rxa8 Qb6 38. Rxa7 Qxa5 39. Rxa5 Ke5 40. Re1 Kd4 41. Kc1 Bf5 42. Rd1+ Ke5 43. a3 bxa3 44. Rxa3 Be6 45. Ra5 Bf7 46. b3 Be6 47. Kb2 Bf7 48. Rf1 Be6 49. Rf8 Bh3 50. Rd8 Bf5 51. b4 Nd6 52. Rxc5 Be6 53. Rxd6 Kxd6 54. Kc3 1-0

[Event "Budapest SixDays 09 GM-C"]
[Site "Budapest"]
[Date "2024.09.24"]
[Round "1"]
[White "Gretarsson, Helgi Ass"]
[Black "Sardana, Rishi"]
[Result "1-0"]
[WhiteElo "2450"]
[BlackElo "2477"]
[PlyCount "91"]
[EventDate "2024.09.24"]
[EventType "tourn"]
[EventRounds "9"]
[EventCountry "HUN"]
[EventCategory "6"]
[SourceTitle "EXT 2025"]
[Source "ChessBase"]
[SourceDate "2024.10.14"]
[SourceVersion "1"]
[SourceVersionDate "2024.10.14"]
[SourceQuality "1"]

1. d4 Nf6 2. c4 e6 3. Nf3 d5 4. Nc3 Nbd7 5. Bf4 Bb4 6. cxd5 Nxd5 7. Bd2 N5f6 8. Qc2 c5 9. a3 Bxc3 10. Bxc3 b6 11. dxc5 bxc5 12. e4 Bb7 13. Nd2 0-0 14. Be2 Qc7 15. 0-0 Ne5 16. Rad1 Rfd8 17. f3 Rac8 18. Nb3 Rxd1 19. Rxd1 c4 20. Bxe5 Qxe5 21. Qxc4 h5 22. Qb5 Qxb2 23. Qxb7 Rc3 24. Qa8+ Kh7 25. Nd2 Rc1 26. Rxc1 Qxc1+ 27. Nf1 Qc5+ 28. Kh1 Qf2 29. Bd3 Qd4 30. Bb5 h4 31. Qc6 h3 32. gxh3 Qf2 33. Qc3 Nh5 34. Qe3 Qb2 35. a4 e5 36. Ng3 Nf4 37. Bf1 a5 38. Ne2 Ne6 39. Qc3 Qb1 40. Kg2 f6 41. Qxa5 Qc2 42. Kg1 Ng5 43. Kf2 Qb3 44. Bg2 Qa2 45. h4 Ne6 46. Qd5 1-0

[Event "Doeberl Cup 61st"]
[Site "Canberra"]
[Date "2024.03.30"]
[Round "5"]
[White "Melkumyan, Hrant"]
[Black "Sardana, Rishi"]
[Result "1-0"]
[WhiteElo "2640"]
[BlackElo "2476"]
[PlyCount "181"]
[EventDate "2024.03.28"]
[EventType "swiss"]
[EventRounds "9"]
[EventCountry "AUS"]
[SourceTitle "CBM 219 Extra"]
[Source "ChessBase"]
[SourceDate "2024.05.31"]
[SourceVersion "1"]
[SourceVersionDate "2024.05.31"]
[SourceQuality "1"]

1. d4 Nf6 2. c4 e6 3. Nf3 d5 4. Nc3 Nbd7 5. cxd5 exd5 6. Bg5 c6 7. Qc2 h6 8. Bf4 Nh5 9. Bd2 Nhf6 10. 0-0-0 Bb4 11. e3 Qe7 12. Bd3 Bxc3 13. Bxc3 Ne4 14. Kb1 Nb6 15. Ka1 Bf5 16. Ne5 Nxc3 17. Qxc3 Bxd3 18. Nxd3 0-0-0 19. Rc1 Kb8 20. Rc2 Nc4 21. Nc5 Nd6 22. Rhc1 Ka8 23. Qb3 g5 24. a3 h5 25. Ka2 h4 26. Qb4 g4 27. g3 Rde8 28. a4 Ne4 29. Qb3 hxg3 30. hxg3 Nxc5 31. Rxc5 Qd7 32. Qd3 Rc8 33. R1c2 Rh2 34. b4 b6 35. R5c3 c5 36. dxc5 bxc5 37. bxc5 Qxa4+ 38. Ra3 Qe4 39. Qxe4 dxe4 40. Ra6 Rh5 41. Rf6 Rcxc5 42. Rxc5 Rxc5 43. Rxf7 Rc3 44. Kb2 Rd3 45. Kc2 Ra3 46. Rf4 Ra2+ 47. Kb3 Rd2 48. Kc3 Rd3+ 49. Kc4 Rd2 50. Kc3 Rd3+ 51. Kc2 Ra3 52. Kb1 Rb3+ 53. Kc1 Rb4 54. Rxg4 a5 55. Kc2 Kb7 56. Kc3 Kb6 57. Rf4 Kb5 58. Rf5+ Ka4 59. g4 Rb3+ 60. Kc2 Rb4 61. Rc5 Rb8 62. Re5 Rc8+ 63. Kb2 Rc4 64. g5 Kb4 65. Re8 a4 66. Rb8+ Ka5 67. g6 Rc7 68. Rg8 Kb4 69. g7 a3+ 70. Kb1 Kc4 71. Ka1 Kc3 72. Ka2 Kc2 73. Kxa3 Kc3 74. Ka4 Kc4 75. Ka5 Kc5 76. Ka6 Kc6 77. Re8 Rxg7 78. Rxe4 Rg1 79. Ka5 Rb1 80. Ka4 Kd5 81. Rb4 Rf1 82. Rf4 Rb1 83. Ka3 Ke5 84. Rb4 Rf1 85. f4+ Kf5 86. Rb5+ Kf6 87. Kb2 Rd1 88. Kc3 Ke6 89. e4 Rf1 90. f5+ Kf6 91. Rb6+ 1-0

[Event "Doeberl Cup 61st"]
[Site "Canberra"]
[Date "2024.03.29"]
[Round "3"]
[White "Lux, Hugo de Melo"]
[Black "Sardana, Rishi"]
[Result "0-1"]
[WhiteElo "2299"]
[BlackElo "2476"]
[PlyCount "84"]
[EventDate "2024.03.28"]
[EventType "swiss"]
[EventRounds "9"]
[EventCountry "AUS"]
[SourceTitle "CBM 219 Extra"]
[Source "ChessBase"]
[SourceDate "2024.05.31"]
[SourceVersion "1"]
[SourceVersionDate "2024.05.31"]
[SourceQuality "1"]

1. e4 c5 2. Nf3 d6 3. d4 cxd4 4. Nxd4 Nf6 5. Nc3 a6 6. g3 e5 7. Nb3 Be7 8. Bg5 Be6 9. Bxf6 Bxf6 10. Qd3 Be7 11. 0-0-0 Nd7 12. f4 Nf6 13. f5 Bd7 14. Be2 b5 15. g4 b4 16. Nd5 Nxd5 17. Qxd5 0-0 18. Kb1 Qc7 19. f6 gxf6 20. Qd2 a5 21. Qh6 a4 22. Nd2 b3 23. cxb3 axb3 24. axb3 Be6 25. Bc4 Rfc8 26. Rhf1 Qa7 27. Rf3 Bxc4 28. Nxc4 Qa2+ 29. Kc2 Rxc4+ 30. bxc4 Qxc4+ 31. Rc3 Qa4+ 32. Kd2 Rb8 33. Qe3 Rxb2+ 34. Ke1 f5 35. Rd2 Rb4 36. Rc8+ Kg7 37. Re2 Rxe4 38. Qf3 Bh4+ 39. Kd2 Rd4+ 40. Kc1 Qd1+ 41. Kb2 Rd2+ 42. Rxd2 Qxf3 0-1

[Event "Doeberl Cup 61st"]
[Site "Canberra"]
[Date "2024.03.29"]
[Round "4"]
[White "Sardana, Rishi"]
[Black "Morris, James"]
[Result "1/2-1/2"]
[WhiteElo "2476"]
[BlackElo "2418"]
[PlyCount "71"]
[EventDate "2024.03.28"]
[EventType "swiss"]
[EventRounds "9"]
[EventCountry "AUS"]
[SourceTitle "CBM 219 Extra"]
[Source "ChessBase"]
[SourceDate "2024.05.31"]
[SourceVersion "1"]
[SourceVersionDate "2024.05.31"]
[SourceQuality "1"]

1. e4 c5 2. Nf3 Nc6 3. Bb5 e6 4. Bxc6 bxc6 5. d3 Ne7 6. Nbd2 Ng6 7. h4 h5 8. e5 d5 9. b3 a5 10. a4 c4 11. bxc4 Bb4 12. Ba3 Bc3 13. Bd6 f6 14. Ra3 Bb4 15. Bxb4 axb4 16. Ra1 Qc7 17. 0-0 Nxe5 18. Nxe5 Qxe5 19. Re1 Qf4 20. g3 Qd6 21. d4 Kf7 22. Qf3 Ba6 23. cxd5 Qxd5 24. Ne4 Bc4 25. Ng5+ Ke7 26. Rxe6+ Kd7 27. Rae1 Qxf3 28. Re7+ Kd6 29. Nxf3 Bd5 30. Nd2 Rxa4 31. Rxg7 Ra2 32. Nf1 c5 33. dxc5+ Kxc5 34. Rd7 Bc6 35. Rd2 Rha8 36. Re6 1/2-1/2

[Event "AUS-ch"]
[Site "Adelaide"]
[Date "2024.01.05"]
[Round "5"]
[White "Litchfield, Frederick"]
[Black "Sardana, Rishi"]
[Result "1/2-1/2"]
[WhiteElo "2176"]
[BlackElo "2470"]
[PlyCount "61"]
[EventDate "2024.01.02"]
[EventType "swiss"]
[EventRounds "11"]
[EventCountry "AUS"]
[SourceTitle "CBM 218 Extra"]
[Source "ChessBase"]
[SourceDate "2024.03.31"]
[SourceVersion "1"]
[SourceVersionDate "2024.03.31"]
[SourceQuality "1"]

1. b3 d5 2. Bb2 c5 3. e3 a6 4. Nf3 Nc6 5. h3 Nf6 6. g4 d4 7. g5 Nh5 8. Nxd4 cxd4 9. Qxh5 Bf5 10. Bg2 Bxc2 11. 0-0 Rc8 12. Na3 Bg6 13. Qg4 e6 14. Rac1 h6 15. exd4 Bf5 16. Qf3 Bxa3 17. Bxa3 Qxd4 18. Rfe1 Bg6 19. Bc5 Qd3 20. Qg4 Qf5 21. gxh6 Qxg4 22. hxg4 Rxh6 23. d4 Kd7 24. d5 exd5 25. Bxd5 Rch8 26. Red1 Kc7 27. Be3 Rh4 28. Bf4+ Kb6 29. Be3+ Kc7 30. Bf4+ Kb6 31. Be3+ 1/2-1/2

[Event "AUS-ch"]
[Site "Adelaide"]
[Date "2024.01.02"]
[Round "1"]
[White "Rodgers, Jack"]
[Black "Sardana, Rishi"]
[Result "0-1"]
[WhiteElo "2059"]
[BlackElo "2470"]
[PlyCount "84"]
[EventDate "2024.01.02"]
[EventType "swiss"]
[EventRounds "11"]
[EventCountry "AUS"]
[SourceTitle "CBM 218 Extra"]
[Source "ChessBase"]
[SourceDate "2024.03.31"]
[SourceVersion "1"]
[SourceVersionDate "2024.03.31"]
[SourceQuality "1"]

1. d4 e6 2. c4 d5 3. Nc3 Nf6 4. cxd5 exd5 5. Bg5 c6 6. e3 Be7 7. Bd3 Nbd7 8. Qc2 Nh5 9. Bxe7 Qxe7 10. Nge2 Nb6 11. h3 g6 12. 0-0-0 Ng7 13. g4 Bd7 14. Nf4 Ne6 15. Nxe6 Bxe6 16. Kb1 h5 17. Na4 Nxa4 18. Qxa4 Qf6 19. Qb4 0-0-0 20. gxh5 Rxh5 21. Rc1 Bxh3 22. Ka1 Bf5 23. Bxf5+ Qxf5 24. Rhf1 Rh2 25. Qd2 g5 26. b4 a6 27. a4 Kd7 28. b5 axb5 29. axb5 Ra8+ 30. Kb2 g4 31. Rc2 g3 32. bxc6+ bxc6 33. Qb4 Ra2+ 34. Kxa2 Qxc2+ 35. Ka1 Rh8 36. Qb7+ Ke6 37. Rb1 gxf2 38. e4 Qc3+ 39. Ka2 Qc4+ 40. Ka3 Rh3+ 41. Kb2 Qc3+ 42. Ka2 Qa3# 0-1

[Event "Doeberl Cup"]
[Site "Canberra"]
[Date "2023.04.08"]
[Round "5"]
[White "Kuybokarov, Temur"]
[Black "Sardana, Rishi"]
[Result "1-0"]
[WhiteElo "2562"]
[BlackElo "2449"]
[PlyCount "51"]
[EventDate "2023.04.06"]
[EventType "swiss"]
[EventRounds "9"]
[EventCountry "AUS"]
[SourceTitle "CBM 213 Extra"]
[Source "ChessBase"]
[SourceDate "2023.05.31"]
[SourceVersion "1"]
[SourceVersionDate "2023.05.31"]
[SourceQuality "1"]

1. e4 e5 2. Nf3 Nc6 3. Bb5 a6 4. Ba4 d6 5. 0-0 Bd7 6. c4 Nge7 7. Nc3 Ng6 8. d4 Be7 9. d5 Nb8 10. Be3 0-0 11. Rc1 f5 12. Bxd7 Qxd7 13. c5 f4 14. c6 bxc6 15. Qb3 c5 16. Bxc5 Nh4 17. Nxh4 Bxh4 18. f3 a5 19. Qb7 Na6 20. Ba7 Qc8 21. Qxc8 Rfxc8 22. Nb5 Bd8 23. a3 Kf8 24. Rc6 Nb8 25. Rc2 Ke8 26. Nxd6+ 1-0

[Event "Doeberl Cup"]
[Site "Canberra"]
[Date "2023.04.07"]
[Round "4"]
[White "Melkumyan, Hrant"]
[Black "Sardana, Rishi"]
[Result "1/2-1/2"]
[WhiteElo "2645"]
[BlackElo "2449"]
[PlyCount "137"]
[EventDate "2023.04.06"]
[EventType "swiss"]
[EventRounds "9"]
[EventCountry "AUS"]
[SourceTitle "CBM 213 Extra"]
[Source "ChessBase"]
[SourceDate "2023.05.31"]
[SourceVersion "1"]
[SourceVersionDate "2023.05.31"]
[SourceQuality "1"]

1. d4 Nf6 2. c4 e6 3. g3 d5 4. Bg2 Bb4+ 5. Nd2 0-0 6. Ngf3 b6 7. 0-0 Bb7 8. Ne5 Nc6 9. Ndf3 Nxe5 10. Nxe5 Be7 11. Bf4 c5 12. Rc1 cxd4 13. Qxd4 Bc5 14. Qd1 Bd6 15. Nd3 Rc8 16. Bg5 Rxc4 17. Rxc4 dxc4 18. Bxb7 cxd3 19. Qxd3 Bc5 20. Qa6 Qd4 21. Bc1 Qe5 22. Bf3 Qc7 23. a3 Rd8 24. b4 Bd4 25. Bf4 Qe7 26. e3 e5 27. Bg5 Bb2 28. Be4 Qd7 29. Bxf6 gxf6 30. Qe2 Bxa3 31. Qh5 Kf8 32. Rb1 Qa4 33. Qxh7 Rd1+ 34. Kg2 Rxb1 35. Bxb1 Bxb4 36. h4 Bc5 37. h5 Qg4 38. Ba2 Qg7 39. Qf5 Qg5 40. Qh7 Qg7 41. Qd3 Qg5 42. Qd1 Kg7 43. Bb1 f5 44. Qd5 Qf6 45. Qd7 f4 46. Qg4+ Kh6 47. gxf4 exf4 48. exf4 Qg7 49. Qxg7+ Kxg7 50. Kf3 a5 51. Bd3 Kh6 52. Kg4 Bxf2 53. Bb5 Be3 54. Ba4 Bd2 55. Bb5 Bc3 56. Ba4 Kg7 57. Kf5 Kf8 58. h6 Ke7 59. h7 Kf8 60. Bb5 Kg7 61. Be8 f6 62. Ke4 Kxh7 63. f5 Kh6 64. Kd3 Bb4 65. Kc4 Kg5 66. Bd7 Kf4 67. Kb5 Bc5 68. Ka4 Ke4 69. Be6 1/2-1/2

[Event "Oceania zt 3.6"]
[Site "Melbourne"]
[Date "2023.01.27"]
[Round "7"]
[White "Sardana, Rishi"]
[Black "Rodgers, Jack"]
[Result "1-0"]
[WhiteElo "2459"]
[BlackElo "2034"]
[PlyCount "49"]
[EventDate "2023.01.23"]
[EventType "swiss"]
[EventRounds "9"]
[EventCountry "AUS"]
[SourceTitle "CBM 212 Extra"]
[Source "ChessBase"]
[SourceDate "2023.03.31"]
[SourceVersion "1"]
[SourceVersionDate "2023.03.31"]
[SourceQuality "1"]

1. e4 c5 2. Nf3 g6 3. c3 Nf6 4. e5 Nd5 5. d4 cxd4 6. Qxd4 Nc7 7. Qh4 Nc6 8. Bc4 d5 9. exd6 Qxd6 10. Bf4 e5 11. Bg5 Be6 12. Nbd2 Bxc4 13. Nxc4 Qe6 14. 0-0-0 e4 15. Rhe1 f5 16. Nfd2 Kf7 17. Nxe4 fxe4 18. Rxe4 Qc8 19. Nd6+ Bxd6 20. Rxd6 Ne8 21. Rxc6 Qxc6 22. Re7+ Kg8 23. Qf4 Nf6 24. Bxf6 Rf8 25. Rg7# 1-0

[Event "Oceania zt 3.6"]
[Site "Melbourne"]
[Date "2023.01.25"]
[Round "4"]
[White "Urban, Sylvester"]
[Black "Sardana, Rishi"]
[Result "0-1"]
[WhiteElo "2117"]
[BlackElo "2459"]
[PlyCount "74"]
[EventDate "2023.01.23"]
[EventType "swiss"]
[EventRounds "9"]
[EventCountry "AUS"]
[SourceTitle "CBM 212 Extra"]
[Source "ChessBase"]
[SourceDate "2023.03.31"]
[SourceVersion "1"]
[SourceVersionDate "2023.03.31"]
[SourceQuality "1"]

1. d4 Nf6 2. c4 e6 3. Nc3 Bb4 4. Qc2 Nc6 5. Nf3 d6 6. Bd2 e5 7. d5 Bxc3 8. Bxc3 Ne7 9. e4 0-0 10. 0-0-0 a5 11. Ne1 c6 12. dxc6 Nxc6 13. a3 Qc7 14. b3 Be6 15. a4 Nd7 16. Kb2 Nc5 17. f3 Ra6 18. Rb1 Rb6 19. Ka3 Qe7 20. Ka2 Rc8 21. Qd2 f5 22. exf5 Bxf5 23. Bd3 Be6 24. Bc2 Na6 25. Be4 Ncb4+ 26. Bxb4 Nxb4+ 27. Ka1 d5 28. cxd5 Nxd5 29. Bxd5 Qa3+ 30. Qa2 Qxa2+ 31. Kxa2 Bxd5 32. Nd3 Rc2+ 33. Ka3 Rc3 34. Nc1 Kf7 35. Re1 Kf6 36. Rb2 g5 37. Rbe2 Rxc1 0-1

[Event "Oceania zt 3.6"]
[Site "Melbourne"]
[Date "2023.01.24"]
[Round "3"]
[White "Sardana, Rishi"]
[Black "McNamara, Gary John"]
[Result "1-0"]
[WhiteElo "2459"]
[BlackElo "2040"]
[PlyCount "95"]
[EventDate "2023.01.23"]
[EventType "swiss"]
[EventRounds "9"]
[EventCountry "AUS"]
[SourceTitle "CBM 212 Extra"]
[Source "ChessBase"]
[SourceDate "2023.03.31"]
[SourceVersion "1"]
[SourceVersionDate "2023.03.31"]
[SourceQuality "1"]

1. e4 g6 2. d4 Bg7 3. Nf3 d6 4. c3 c6 5. Bd3 Nf6 6. 0-0 Nbd7 7. Re1 e5 8. Nbd2 0-0 9. Nf1 Qc7 10. Ng3 a6 11. a4 b6 12. h3 Bb7 13. Be3 Rfe8 14. Qd2 c5 15. Bh6 c4 16. Bc2 Bh8 17. Rad1 b5 18. Bg5 Rad8 19. b4 cxb3 20. Bxb3 Nb6 21. a5 Nc4 22. Bxc4 bxc4 23. Qa2 Bg7 24. d5 Rd7 25. Rb1 Nxd5 26. exd5 Bxd5 27. Nd2 h6 28. Be3 f5 29. Ngf1 Bf7 30. Bb6 Qc6 31. Ne3 d5 32. Nc2 f4 33. Nb4 Qc8 34. Qa4 Rd6 35. Rbd1 Bf8 36. Nf3 Bg7 37. Rd2 g5 38. Qd1 g4 39. Nxd5 Rxd5 40. Rxd5 gxf3 41. Rc5 Qb7 42. Rc7 Qa8 43. Qd7 Qd5 44. Rd1 Qe6 45. Rd6 Qxd7 46. Rdxd7 e4 47. Rxf7 Be5 48. Rfe7 1-0

[Event "Oceania zt 3.6"]
[Site "Melbourne"]
[Date "2023.01.23"]
[Round "1"]
[White "Sardana, Rishi"]
[Black "He, Caleb"]
[Result "1-0"]
[WhiteElo "2459"]
[BlackElo "1662"]
[PlyCount "85"]
[EventDate "2023.01.23"]
[EventType "swiss"]
[EventRounds "9"]
[EventCountry "AUS"]
[SourceTitle "CBM 212 Extra"]
[Source "ChessBase"]
[SourceDate "2023.03.31"]
[SourceVersion "1"]
[SourceVersionDate "2023.03.31"]
[SourceQuality "1"]

1. e4 c5 2. Nf3 g6 3. c3 d5 4. e5 d4 5. cxd4 cxd4 6. Bb5+ Bd7 7. e6 fxe6 8. Bc4 Qc8 9. d3 Bg7 10. 0-0 Nc6 11. Re1 Na5 12. Na3 Nxc4 13. Nxc4 Bc6 14. Nce5 Bxe5 15. Nxe5 Nf6 16. Bh6 Qc7 17. Rc1 Qd6 18. Rc4 Bb5 19. Rc1 Bc6 20. Bg7 Rg8 21. Bxf6 exf6 22. Nxc6 bxc6 23. Qf3 Kd7 24. Qxf6 Raf8 25. Qh4 Rg7 26. Rc4 Rf4 27. Qg3 Rgf7 28. Re2 e5 29. f3 c5 30. Qe1 R4f5 31. Qa5 Qb6 32. Rxc5 Qxa5 33. Rxa5 Kd6 34. Ra6+ Kd5 35. Rc2 R5f6 36. Ra5+ Kd6 37. b4 Rb7 38. a3 Rb6 39. Rxa7 h5 40. h3 Kd5 41. Kf2 Rfc6 42. Ra5+ Ke6 43. Re2 1-0